Tänä päivänä Suomen historiassa - tammikuu - Statistics

Yleistilastot
  • Tätä visaa on pelattu 140 kertaa
    130 viimeisimmän päivityksen jälkeen
  • Keskiarvotulos 17 / 31
Vastaustilastot
Päivämäärä Vuosi Vihje Vastaus % Oikein
10.1. 1874 Tämä Suomen eteläisin kaupunki perustetaan Hanko
91%
1.1. 2012 Tämän tuotteen esilläpito kaupoissa ja kioskeissa kielletään uuden lain myötä Tupakka
91%
4.1. 1918 Tämä maa tunnustaa ensimmäisenä Suomen itsenäisyyden Neuvosto-Venäjä
89%
20.1. 1156 Legendan mukaan tämä talonpoika surmaa Piispa Henrikin Lalli
83%
11.1. 1977 Tämän lastenohjelman ensimmäinen jakso esitetään Pikku Kakkonen
83%
3.1. 1971 Suomen ensimmäinen tällainen arvonta järjestetään Lotto
82%
9.1. 2004 Hanna Pakarisesta tulee tämän laulukilpailuohjelman ensimmäinen voittaja Suomessa Idols
80%
14.1. 1991 Tämä "renttulaulaja", oikealta nimeltään Antti Hammarberg, kuolee Irwin Goodman
79%
22.1. 1992 Tämän Suomen kylmän sodan politiikkaa määrittäneen sopimuksen voimassaolo lakkaa YYA-sopimus
69%
27.1. 1951 Presidentti ja Suomen marsalkka Carl Gustaf Emil Mannerheim kuolee ollessaan sairaalahoidossa tässä maassa Sveitsi
68%
26.1. 1956 Neuvostoliitto palauttaa tämän vuokra-alueen takaisin Suomelle Porkkala
67%
8.1. 2010 Tämä entinen kansanedustaja, nyrkkeilijä ja showpainija kuolee Tony Halme
66%
23.1. 1229 Paavi Gregorius IX kehottaa siirtämään tämän kaupungin tuomiokirkon sopivampaan paikkaan Turku
60%
29.1. 1965 Tämä Suomen ensimmäinen jäähalli avataan Tampereella Hakametsän halli
56%
21.1. 1977 Ensimmäinen ydinreaktori käynnistetään tässä kaupungissa sijaitsevassa ydinvoimalassa Loviisa
56%
7.1. 1940 Kenraali Hjalmar Siilasvuo lyö neuvostojoukot tässä talvisodan taistelussa, soveltaen onnistuneest mottitaktiikkaa Raatteen tie
56%
2.1. 2002 Tämä laulajanakin tunnettu vuoden 1977 Miss Suomi kuolee Armi Aavikko
55%
12.1. 2003 Tämä nuorille suunnattu radiokanava korvaa aiemman Radiomafian YleX
50%
16.1. 2004 Tämä Suomen pitkäaikaisin pääministeri kuolee Kalevi Sorsa
48%
6.1. 2008 Janne Ahonen voittaa tämän mäkihyppykilpailun historiallisen viidennen kerran Keski-Euroopan mäkiviikko
45%
5.1. 1844 Tämä filosofi alkaa julkaista Maamiehen ystävä-sanomalehteä J.V. Snellman
42%
31.1. 1916 Tämä museo avataan yleisölle Suomen kansallismuseo
42%
30.1. 2020 Tämä kirjailija, ohjaaja ja poliitikko kuolee Jörn Donner
40%
25.1. 1918 Vaasan senaatti julistaa nämä maanpuolustusjärjestöt hallituksen joukoiksi Suojeluskunnat
38%
24.1. 1947 Tämän sodanjälkeisen varastointioperaation vastaiset lait säädetään Asekätkentä
27%
19.1. 1941 Tämä Suomen kaikkien aikojen toiseksi myydyin elokuva saa ensi-iltansa Kulkurin valssi
23%
13.1. 1964 Tätä laskettelukeskusten hyödyntämää laitetta käytetään ensimmäisen kerran Suomessa Lumitykki
22%
17.1. 1987 Tämä teatteriryhmä saa aikaan paniikin heittämällä muun muassa ulostetta yleisön päälle Oulun teatteripäivillä Jumalan teatteri
21%
18.1. 1985 Ensimmäinen Finlandia-kirjallisuuspalinto myönnetään tälle kirjailijalle Erno Paasilinna
17%
15.1. 1919 Tämä yliopisto aloittaa toimintansa Åbo Akademi
16%
28.1. 1335 Ruotsin kuningas Maunu Eerikinpoika lakkauttaa tämän Ruotsi-Suomen valtakunnassa Orjuus
15%
Ehtoja vastaavia visoja ei löytynyt
Tulosjakauma
Jokaisen tuloksen saaneiden osuus
Persentiili vastausten määrän mukaan
Tuloshistoriasi
Et ole pelannut tätä visaa sen viimeisimmän päivityksen jälkeen